The selected poems of buddhadeva bose / (Record no. 37493)

MARC details
000 -LEADER
fixed length control field 00805nam a22002177a 4500
005 - DATE AND TIME OF LATEST TRANSACTION
control field 20100724111018.0
010 ## - LCCN (DPL NO)
LC control number ENG-96551
020 ## - INTERNATIONAL STANDARD BOOK NUMBER
International Standard Book Number 9780198062493
Terms of availability 250.00
020 ## - INTERNATIONAL STANDARD BOOK NUMBER
International Standard Book Number 0198062494
Terms of availability 200.00
035 ## - SYSTEM CONTROL NUMBER
System control number EN-80084
037 ## - SOURCE OF ACQUISITION
Source of stock number/acquisition DBAD/PUB
082 ## - DEWEY DECIMAL CLASSIFICATION NUMBER
Classification number 863.1
245 ## - TITLE STATEMENT
Title The selected poems of buddhadeva bose /
Statement of responsibility, etc translated by Ketaki Kushari Dyson
260 ## - PUBLICATION, DISTRIBUTION, ETC. (IMPRINT)
Place of publication, distribution, etc New Delhi
Name of publisher, distributor, etc Oxford University Press
Date of publication, distribution, etc 2009
270 ## - ADDRESS
Address YMCA Library Building, Jai Singh Road, New Delhi-110001
City New Delhi
300 ## - PHYSICAL DESCRIPTION
Extent lxxxv, 206p.
Dimensions 22cm (pbk)
500 ## - GENERAL NOTE
General note Includes bibliography
700 ## - ADDED ENTRY--PERSONAL NAME
Personal name Dyson, Ketaki Kushari
9 (RLIN) 1158
942 ## - ADDED ENTRY ELEMENTS (KOHA)
Source of classification or shelving scheme Dewey Decimal Classification
Item type English Books
Call number suffix SEL
Classification part 863.1
Holdings
Withdrawn status Lost status Not for loan Home library Current library Date acquired Source of acquisition Cost, normal purchase price Full call number Barcode Copy number Cost, replacement price Koha item type
    Not For Loan D.B.Act.Division D.B.Act.Division 24/07/2010 translated by Ketaki Kushari Dyson 250.00 SEL EN-80084 1 250.00 English Books

© Delhi Public Library
Hit Counter
free hit counter